000 00328 a2200157 4500
001 173989
020 _a
040 _cMagnum
100 _aPortes, Max de Figueiredo
240 1 0 _aConversa pra boi dormir
_lpor
245 1 0 _aConversa pra boi dormir
362 0 _a1899
440 1 _aLĂȘ
697 _aI/GERAL
942 _cBK
999 _c173989
_d173989